|
|
|
|
| LEADER |
00000nam0a2200000 4500 |
| 001 |
201386 |
| 005 |
20231031185114.0 |
| 010 |
|
|
|a 9785699268931
|
| 035 |
|
|
|a (RuTPU)RU\TPU\book\219497
|
| 035 |
|
|
|a RU\TPU\book\70162
|
| 090 |
|
|
|a 201386
|
| 100 |
|
|
|a 20110926d2009 m y0rusy50 ca
|
| 101 |
1 |
|
|a rus
|c eng
|
| 102 |
|
|
|a RU
|
| 105 |
|
|
|a y z 000ay
|
| 200 |
1 |
|
|a Расплата кровью
|e роман
|e пер. с англ.
|f Э. Джордж
|
| 210 |
|
|
|a Москва
|c Эксмо
|a СПб.
|c Домино
|d 2009
|
| 215 |
|
|
|a 464 с.
|
| 225 |
1 |
|
|a Королева детектива
|
| 330 |
|
|
|a Карьера писательницы Джой Синклер завершилась в уединенном поместье в Шотландии: кто-то вонзил ей в шею длинный кинжал. Инспектор Скотленд-Ярда Томас Линли и детектив-сержант Барбара Хейверс, ведущие расследование убийства, оказываются в трудном положении, ведь в список подозреваемых входят знаменитая британская актриса, преуспевающий театральный продюсер и... леди Хелен Клайд, давний друг Линли. Растерянность и гнев мешают Линли разобраться в хитросплетении человеческих отношений, корни которых уходят в далекое прошлое — и в глубины человеческих сердец. Элизабет Джордж — выдающийся мастер детективного романа. Ее творчество завоевало признание читателей во всем мире, в том числе и в России. Ее книги издаются миллионными тиражами, становятся основой для телефильмов, получают престижные литературные премии.
|
| 610 |
1 |
|
|a американская литература
|
| 610 |
1 |
|
|a романы
|
| 610 |
1 |
|
|a детективы
|
| 675 |
|
|
|a 82
|v 3
|
| 700 |
|
1 |
|a Джордж
|b Э.
|g Элизабет
|
| 801 |
|
1 |
|a RU
|b 63413507
|c 20040716
|g PSBO
|
| 801 |
|
2 |
|a RU
|b 63413507
|c 20110930
|g PSBO
|
| 942 |
|
|
|c BK
|